000 01549nam a2200409 i 4500
001 14828
003 KOSZ 005
005 20191207103621.0
008 191207s1972 pl a f 001 0 pol
015 _aPB 1972/9671
035 _a(OCoLC)830837970
040 _aWA N
_cWA N
_dKOSZ 005/EC
_dKOSZ 005/RW
046 _k1972
080 _a621.74
100 1 _aSkarbiński, Michał
_d(1903-1997)
_eAutor
245 1 0 _aUruchomienie produkcji w odlewni /
_cMichał Skarbiński.
260 _aWarszawa :
_bWydawnictwa Naukowo-Techniczne,
_c1972.
300 _a634, [2] strony :
_bilustracje ;
_c25 cm.
336 _aTekst
_btxt
_2rdacontent
337 _aBez urządzenia pośredniczącego
_bn
_2rdamedia
338 _aWolumin
_bnc
_2rdacarrier
380 _aKsiążki.
380 _aPublikacje fachowe
380 _aPublikacje dydaktyczne
388 _a1901-2000
388 _a1945-1989
504 _aBibliografia na stronach 617-[623]. Indeks.
521 8 _aKsiążka jest przeznaczona dla inżynierów i techników pracujących w produkcji, może też byc pomocna dla studentów wyższych uczelni technicznych o specjalności odlewnictwa.
650 7 _aOdlewnictwo
650 7 _aProdukcja
650 7 _aAutomatyzacja
658 _aInżynieria i technika
658 _aGospodarka, ekonomia, finanse
710 2 _aWydawnictwa Naukowo-Techniczne
_4pbl.
856 _uhttp://koha.tu.koszalin.pl/cgi-bin/koha/opac-detail.pl?biblionumber=14828
_yKatalog online BPK
942 _2UKD
_cKS
999 _c14828
_d14828